000 00652cam a22002172 4500
001 0000012614
005 20151217145855.0
008 090224s xx 000 0 eng d
020 _a0201282399 :
040 _aKABU
_cKABU
245 1 0 _aChemistry /
_cAntony C. Wilbraham ...[et al.].
250 _a1st ed.
260 _aMenlo Park, CA. :
_bAddison-Wesley,
_c1993.
300 _aix, 724 p.
650 0 _aChemistry.
_@0000148202
700 1 _aWilbraham, Antony C.
_@0000169491
852 1 _9p500 KES
852 1 _9p500 KES
908 _a090224
950 _@1
999 _c3571
_d3571